Jacob Batalon Filmography - Statistics

General Stats
  • This quiz has been taken 3 times
  • The average score is 5 of 11
Answer Stats
Hint Answer % Correct
2019 Avengers: Endgame
100%
2019 Spider-Man: Far From Home
100%
2017 Spider-Man: Homecoming
100%
2021 Spider-Man: No Way Home
100%
2018 Avengers: Infinity War
50%
2018 Banana Split
0%
2018 Blood Fest
0%
2018 Every Day
0%
2019 Let it Snow
0%
2016 North Woods
0%
2019 The True Don Quixote
0%
No matching quizzes found
Score Distribution
Percent of People with Each Score
Percentile by Number Answered
Your Score History
You have not taken this quiz